000 01340nam a2200229Ia 4500
001 15739
003 GE_BSU
008 181216s||||||||xx |||||||||||||| ||und||
040 _cGE_BSU
080 _a821.353.1-1
100 _aხალვაში, ფრიდონ
245 _aერთტომეული
245 _bლექსები
245 _cწინასიტყვ. ავტ. ე. მაღრაძე
260 _aთბილისი
260 _bსაბჭ. საქართველო
260 _c1976
300 _a277გვ. : 1 ფ. პორტრ. ; 20სმ
653 _aწიგნიდან "მე არ ვიქნები შენი სტუმარი"; წიგნიდან "იავნანა"; წიგნიდან "დღე სიყვარულისა"; წიგნიდან "კეთილი იმედის ზღვა"; წიგნიდან "ლტოლვა";
653 _aწიგნიდან "ნუგეში"; წიგნიდან "მუხა და ქაირ"; წიგნიდან "ფიქრები ჭოროხთან"; წიგნიდან "მემლექეთი"; წიგნიდან "შორეული სიახლოვე"; პოემები
942 _cBK
999 _c48837
_d48837